书目信息 |
| 题名: |
行销学
|
|
| 作者: | 舍韦, , 希安, 著 ;杜默 译 | |
| 分册: | ||
| 出版信息: | 汕头 汕头大学出版社 2003.06 |
|
| 页数: | 604页 | |
| 开本: | 24cm | |
| 丛书名: | The portable MBA经典全集 | |
| 单 册: | ||
| 中图分类: | F713.50 | |
| 科图分类: | ||
| 主题词: | 市场营销学--shi chang ying xiao xue | |
| 电子资源: | ||
| ISBN: | 7-81036-543-6 | |
| 000 | 01355nam 2200313 450 | |
| 001 | 012008779859 | |
| 005 | 20080423154814.89 | |
| 010 | @a7-81036-543-6@dCNY78.00 | |
| 100 | @a20080423d2003 km y0chiy0120 ea | |
| 101 | 1 | @achi@ceng |
| 102 | @aCN@b440000 | |
| 105 | @aa a 000yy | |
| 106 | @ar | |
| 200 | 1 | @a行销学@Axing xiao xue@d= The portable MBA in marketing@f查尔斯·史丘伟, 亚历山大·希安著@Fcha er si·shi qiu wei,ya li shan da·xi an zhu@g杜默译@Gdu mo yi@zeng |
| 210 | @a汕头@c汕头大学出版社@d2003.06 | |
| 215 | @a604页@c图@d24cm | |
| 225 | 2 | @aThe portable MBA经典全集@AThe portable MBA jing dian quan ji@i随身管理学院 |
| 320 | @a有书目 (第598-601页)。 | |
| 330 | @a本书帮助你了解行销领域的精髓,内容充实的案例及最新的行销观念,可增加读者的行销智能,有助于你学到致胜的策略与方法。本书为全面更新的《行销学》第二版,有着近十年来行销学领域的最新发展,语言轻松易懂,使读者能快速得到所需的资讯。 | |
| 410 | 0 | @12001 @aThe portable MBA经典全集 |
| 410 | 0 | @12001 @a随身管理学院 |
| 510 | 1 | @aPortable MBA in marketing@zeng |
| 606 | 0 | @a市场营销学@Ashi chang ying xiao xue |
| 690 | @aF713.50@v4 | |
| 701 | 1 | @a舍韦,@Ashe wei,@bC. D.@g(Schewe, Charles D.)@4著 |
| 701 | 1 | @a希安,@Axi an,@bA. W.@g(Hiam, Alexander Watson)@4著 |
| 702 | 0 | @a杜默@Adu mo@4译 |
| 801 | 0 | @aCN@bQSSK@c20080423 |
| 905 | @b20703042-43@dF713.50@eS356@f2 | |
| 行销学= The portable MBA in marketing/查尔斯·史丘伟, 亚历山大·希安著/杜默译.-汕头:汕头大学出版社,2003.06 |
| 604页:图;24cm.-(The portable MBA经典全集.随身管理学院) |
| ISBN 7-81036-543-6:CNY78.00 |
| 本书帮助你了解行销领域的精髓,内容充实的案例及最新的行销观念,可增加读者的行销智能,有助于你学到致胜的策略与方法。本书为全面更新的《行销学》第二版,有着近十年来行销学领域的最新发展,语言轻松易懂,使读者能快速得到所需的资讯。 |
| ● |
| 相关链接 |
|
|
|
正题名:行销学
索取号:F713.50/S356
 
预约/预借
| 序号 | 登录号 | 条形码 | 馆藏地/架位号 | 状态 | 备注 |
| 1 | 703042 | 207030425 | 社科库409/409社科库 43排5列5层/ [索取号:F713.50/S356] | 在馆 | |
| 2 | 703043 | 207030434 | 社科库409/409社科库 43排5列5层/ [索取号:F713.50/S356] | 在馆 |